000 00518nam a2200181Ia 4500
005 20250326124436.0
008 250326s9999 xx 000 0 und d
037 _aTextbook
040 _aFMSL
_beng
_cFMSL
041 _aeng
_2eng
084 _aX:8y7 L7;16
_qFMSL
100 _aMote V L
245 0 _aManagerial economics: concepts and cases
_cMote V L; Paul S
260 _aNew Delhi
_bNew Delhi, Tata McGraw-Hill
_c1977
300 _a354p
942 _cTB
_hX:8y7 L7;16
999 _c1273717
_d1273717